Paradigmas : el negocio de descubrir el futuro /

Guardado en:
Autor Principal: Barker, Joel Arthur.
Formato: Libro
Idioma:Spanish
English
Publicado: Santafé de Bogotá ; Buenos Aires : McGraw-Hill, c1995.
Materias:
Etiquetas: Agregar Etiqueta
Sin Etiquetas, Sea el primero en etiquetar este registro!
LEADER 00862nam a22002175 4500
001 EAD.ead004039
008 080718s1995####ag#######b####001#0#spa#d
005 20161130131538.0
245 1 0 |a Paradigmas :  |b el negocio de descubrir el futuro /  |c Joel Arthur Barker ; traducción, Ona Jurksaitis Lukauskis ; revisión técnica, Roberto Rosero Hinestroza. 
260 |a Santafé de Bogotá ;  |a Buenos Aires :  |b McGraw-Hill,  |c c1995. 
300 |a 258 p. 
500 |a Traducción de: Paradigms. The business of discovering the future. 
504 |a Incluye referencias bibliográficas e índice. 
020 |a 9586003361 
100 1 |a Barker, Joel Arthur. 
082 0 4 |a 303.49  |2 21 
650 4 |a Estudios futuros.  |2 unbist 
650 4 |a Cambio social.  |2 unbist 
653 |a Éxito empresario 
041 1 |a spa  |h eng 
859 |a AR-BaBDC  |b BIB. ADMINISTRACION - Libros  |h 303.49  |i B243  |p b04105